Antidopingová prevence u dětí a mládeže

Bibliographic Details
Main Authors: Slepičková, Irena, 1951- (Author), Slepička, Pavel (Author)
Format: Article
Language:Czech

MARC

LEADER 00000nab a2200000uu 4500
001 vtls010903059
003 SK-MaSNL
005 20260303142435.0
008 230222|1997 xo |||||||||||||||||cze|
015 |a SNBRB 
035 |a (urnnbn)urn:nbn:sk:snk:ar-a07pv2 
035 |a (uuid)5b6f21e9-48b7-4b4c-b284-e6f09fd780c5 
035 |a urn:nbn:sk:snk-ab8u6h 
040 |a SNKBUCL  |b slo  |c SNKBUCL  |e AACR2 
041 0 |a cze 
044 |a xo  |c SK 
100 1 |a Slepičková, Irena,  |d 1951-  |4 aut  |9 567071 
245 1 0 |a Antidopingová prevence u dětí a mládeže  |c Irena Slepičková, Pavel Slepička 
700 1 |a Slepička, Pavel  |4 aut  |9 1011072 
773 0 |t Acta Facultatis Educationis Physicae Universitatis Comenianae  |g Roč. 38, č. 38 (1997), s. 127-136 
958 |a OND 
958 |a EUIPO 
958 |a article10 
999 |c 1982925  |d 1984855